Az érzékek antropológiája

Investigations of the anthropology of the senses should not be limited to presenting the manifestations of individual sensory faculties (sight, hearing, touch, smell and taste). Creating a universal theory would also be important for religious studies; however, works that offer a systematic overview...

Teljes leírás

Elmentve itt :
Bibliográfiai részletek
Szerző: Voigt Vilmos
Testületi szerző: Szegedi Vallási Néprajzi Konferencia (8.) (2006) (Szeged)
Dokumentumtípus: Könyv része
Megjelent: 2009
Sorozat:Szegedi vallási néprajzi könyvtár 22
Érzékek és vallás 22
Kulcsszavak:Népi vallásosság, Érzékelés - pszichológia - vallásosság
Tárgyszavak:
Online Access:http://acta.bibl.u-szeged.hu/70403
LEADER 01930naa a2200277 i 4500
001 acta70403
005 20220201134643.0
008 200922s2009 hu o 0|| hun d
020 |a 978 963 482 973 7 
022 |a 1419-1288 
040 |a SZTE Egyetemi Kiadványok Repozitórium  |b hun 
041 |a hun 
041 |a eng 
100 1 |a Voigt Vilmos 
245 1 3 |a Az érzékek antropológiája  |h [elektronikus dokumentum] /  |c  Voigt Vilmos 
260 |c 2009 
300 |a 13-19 
490 0 |a Szegedi vallási néprajzi könyvtár  |v 22 
490 0 |a Érzékek és vallás  |v 22 
520 3 |a Investigations of the anthropology of the senses should not be limited to presenting the manifestations of individual sensory faculties (sight, hearing, touch, smell and taste). Creating a universal theory would also be important for religious studies; however, works that offer a systematic overview of the kind are few and far between. Fortunately, the versatile French sociologist, David Le Breton, has lately published a book titled La Saveur du Monde: Une Anthropologie des Sens (Paris, 2006), which is exactly such a work. Through my presentation of the topics discussed in the book my intention was to present the anthropological, philosophical and theoretical perspectives in general. I related these to the theory of senses found in the first volume of Kant's Anthropology, and called for more philosophically motivated religious and ethnographical studies on the subject. As a subsequent addendum to this paper, I also make reference to the latest international literature in this field. 
650 4 |a Társadalomtudományok 
650 4 |a Pszichológia 
650 4 |a Szociológia 
695 |a Népi vallásosság, Érzékelés - pszichológia - vallásosság 
710 |a Szegedi Vallási Néprajzi Konferencia (8.) (2006) (Szeged) 
856 4 0 |u http://acta.bibl.u-szeged.hu/70403/1/szegedi_vallasi_022_013-019.pdf  |z Dokumentum-elérés